000 00504nam a2200169Ia 4500
008 181130s2018 xx 000 0 und d
100 _aWouters, Jelle J.P.
245 _aGenealogies of Nagaland's 'tribal democracy'
260 _c2018
300 _ap.41-47.
504 _d16-Jun
650 _aDemocracy
650 _aGovernment and Politics - Nagaland
650 _aTribes and tribal system - Nagaland
773 _aEconomic and Political Weekly
906 _aTribes and tribal system - Nagaland
999 _c506389
_d506389